Eko aj do marketingu
Ochrana životného prostredia ako súčasť marketingovej stratégie výrobcov spotrebnej elektroniky. Vo väčšine krajín začínajú spotrebitelia vnímať ochranu životného prostredia ako významnú súčasť kvality, imidžu značiek a reputácie firiem. Otázka potreby a miery budovania ekomarketingu, dizajnu a imid...
Enregistré dans:
| Auteur principal: | |
|---|---|
| Format: | Chapitre de livre |
| Langue: | slovaque |
| Sujets: | |
| Tags: |
Pas de tags, Soyez le premier à ajouter un tag!
|
MARC
| LEADER | 00000naa a2200000 4500 | ||
|---|---|---|---|
| 001 | r042895 | ||
| 005 | 20231003075529.8 | ||
| 041 | 0 | |a slo | |
| 044 | |a SK | ||
| 245 | 1 | 0 | |a Eko aj do marketingu |c Jana Brisudová |
| 520 | |a Ochrana životného prostredia ako súčasť marketingovej stratégie výrobcov spotrebnej elektroniky. Vo väčšine krajín začínajú spotrebitelia vnímať ochranu životného prostredia ako významnú súčasť kvality, imidžu značiek a reputácie firiem. Otázka potreby a miery budovania ekomarketingu, dizajnu a imidžu značky. | ||
| 610 | 2 | 0 | |a stratégia marketingová |
| 610 | 2 | 0 | |a marketing environmentálny |
| 610 | 2 | 0 | |a ekológia |
| 610 | 2 | 0 | |a ochrana prostredia životného |
| 610 | 2 | 0 | |a značky výrobné |
| 610 | 2 | 0 | |a komunikácia marketingová |
| 610 | 2 | 0 | |a spotrebitelia |
| 610 | 2 | 0 | |a označovanie tovarov |
| 610 | 2 | 0 | |a výrobky ekologické |
| 610 | 2 | 0 | |a elektronika spotrebná |
| 100 | 1 | |a Brisudová, Jana | |